Computers for all (Record no. 61723)
[ view plain ]
| 000 -LEADER | |
|---|---|
| fixed length control field | 00513nam a22001817a 4500 |
| 005 - DATE AND TIME OF LATEST TRANSACTION | |
| control field | 20181114143045.0 |
| 008 - FIXED-LENGTH DATA ELEMENTS--GENERAL INFORMATION | |
| fixed length control field | 120131t xxu||||| |||| 00| 0 eng d |
| 010 ## - LCCN (DPL NO) | |
| LC control number | B-108442 |
| 020 ## - INTERNATIONAL STANDARD BOOK NUMBER | |
| International Standard Book Number | 8188153001 |
| Terms of availability | 120.00 |
| 035 ## - SYSTEM CONTROL NUMBER | |
| System control number | B-108427,B-1084442, B-108443 |
| 040 ## - CATALOGING SOURCE | |
| Original cataloging agency | DPL |
| Language of cataloging | ENG |
| 100 ## - MAIN ENTRY--PERSONAL NAME | |
| Personal name | Gupta, Rajeev |
| 9 (RLIN) | 40454 |
| 245 ## - TITLE STATEMENT | |
| Title | Computers for all |
| Statement of responsibility, etc | by Rajeev Gupta |
| 250 ## - EDITION STATEMENT | |
| Edition statement | 1st ed. |
| 260 ## - PUBLICATION, DISTRIBUTION, ETC. (IMPRINT) | |
| Place of publication, distribution, etc | Delhi |
| Name of publisher, distributor, etc | Nipun Publications |
| Date of publication, distribution, etc | 2001 |
| 300 ## - PHYSICAL DESCRIPTION | |
| Extent | 238p. |
| Dimensions | 18 cms. |
| 942 ## - ADDED ENTRY ELEMENTS (KOHA) | |
| Source of classification or shelving scheme | Dewey Decimal Classification |
| Item type | English Books |
| Classification part | 004 |
| Call number suffix | GUP |
| Withdrawn status | Lost status | Source of classification or shelving scheme | Damaged status | Not for loan | Collection code | Home library | Current library | Shelving location | Date acquired | Cost, normal purchase price | Total Checkouts | Full call number | Barcode | Date last seen | Cost, replacement price | Koha item type | Source of acquisition | Copy number |
|---|---|---|---|---|---|---|---|---|---|---|---|---|---|---|---|---|---|---|
| Dewey Decimal Classification | Non-fiction | Diz Area | Diz Area | 12/01/2019 | 120.00 | 004 GUP | B-108426 | 12/01/2019 | 120.00 | English Books | BPPD/PUB | 1 | ||||||
| Dewey Decimal Classification | Non-fiction | Sarojini Nagar | Sarojini Nagar | General Stacks | 31/01/2012 | 120.00 | 004 GUP | B-108427 | 31/01/2012 | 120.00 | English Books | |||||||
| Dewey Decimal Classification | Non-fiction | Sarojini Nagar | Sarojini Nagar | General Stacks | 02/02/2012 | 120.00 | 1 | 004 GUP | B-108450 | 26/08/2017 | 120.00 | English Books | ||||||
| Dewey Decimal Classification | Non-fiction | Vigyan Vihar | Vigyan Vihar | 14/11/2018 | 120.00 | 004 GUP | B-108443 | 14/11/2018 | 120.00 | English Books | BPPD/PUB | |||||||
| Dewey Decimal Classification | Non-fiction | Yojana Vihar | Yojana Vihar | 26/10/2018 | 120.00 | 004 GUP | B-108442 | 26/10/2018 | 120.00 | English Books | BPPD/PUB |
